|
|
|
|
| LEADER |
00000nam0a2200000 4500 |
| 001 |
154815 |
| 005 |
20231031152026.0 |
| 035 |
|
|
|a (RuTPU)RU\TPU\book\167914
|
| 090 |
|
|
|a 154815
|
| 100 |
|
|
|a 20090304d1973 km y0rusy50 ca
|
| 101 |
0 |
|
|a rus
|
| 102 |
|
|
|a RU
|
| 105 |
|
|
|a a z 001zy
|
| 200 |
1 |
|
|a Нестационарные случайные процессы и их анализ
|f Э. И. Цветков
|
| 210 |
|
|
|a Москва
|c Энергия
|d 1973
|
| 215 |
|
|
|a 128 с.
|c черт.
|
| 320 |
|
|
|a Библиогр.: с. 126-129.
|
| 610 |
1 |
|
|a математика
|
| 610 |
1 |
|
|a случайные процессы
|
| 610 |
1 |
|
|a свойства
|
| 610 |
1 |
|
|a измерение
|
| 610 |
1 |
|
|a вероятностные характеристики
|
| 610 |
1 |
|
|a вероятностный анализ
|
| 610 |
1 |
|
|a корреляционный анализ
|
| 610 |
1 |
|
|a спектральный анализ
|
| 675 |
|
|
|a 519.216
|v 3
|
| 700 |
|
1 |
|a Цветков
|b Э. И.
|g Эрик Иванович
|
| 801 |
|
1 |
|a RU
|b 63413507
|c 20090304
|g PSBO
|
| 801 |
|
2 |
|a RU
|b 63413507
|c 20140207
|g PSBO
|
| 942 |
|
|
|c BK
|